LEADER 02692nam 22006613u 450 001 996262847103316 005 20220214185929.0 010 $a9786611845674 010 $a1-84765-036-8 035 $a(CKB)1000000000538833 035 $a(EBL)362180 035 $a(OCoLC)476192239 035 $a(SSID)ssj0000122596 035 $a(PQKBManifestationID)11134710 035 $a(PQKBTitleCode)TC0000122596 035 $a(PQKBWorkID)10130947 035 $a(PQKB)10605865 035 $a(MiAaPQ)EBC362180 035 $a(MiAaPQ)EBC4434977 035 $a(EXLCZ)991000000000538833 100 $a20130418d2005|||| u|| | 101 0 $aeng 135 $aur|n|---||||| 181 $ctxt 182 $cc 183 $acr 200 14$aThe City$b[electronic resource] $eA Guide to London's Global Financial Centre 205 $a2nd ed. 210 $aLondon $cProfile$d2005 215 $a1 online resource (384 p.) 225 0 $aEconomist books The city 300 $aDescription based upon print version of record. 311 $a1-86197-858-8 327 $aPreliminaries; Contents; 1 About the City; 2 From the Royal Exchange to Canary Wharf; 3 Financial markets and instruments; 4 The sell side investment banking and securities; 5 The buy side investors and asset management; 6 Banking, payments and specialist financial institutions; 7 Insurance; 8 Professional and support services; 9 Shipping and commodities; 10 Bank of England; 11 Regulation; 12 Financial centre league tables; 13 City scandals, calamities and causes ce?lebre?s; 14 Challenges and outlook; Appendix 1 City institutions and organisations; Appendix 2 Principal players 327 $aAppendix 3 TimelineFurther reading; Index 330 $aThis text provides a comprehensive, relevant and up-to-date coverage of what goes on in the City and its role as a global financial centre and as the leading financial centre in Europe. 606 $aFinancial institutions 606 $aFinancial institutions$zLondon$zEngland 606 $aFinance$2HILCC 606 $aBusiness & Economics$2HILCC 606 $aFinancial Management & Planning$2HILCC 606 $aInternational Finance$2HILCC 608 $aElectronic books. 615 4$aFinancial institutions. 615 0$aFinancial institutions 615 7$aFinance 615 7$aBusiness & Economics 615 7$aFinancial Management & Planning 615 7$aInternational Finance 676 $a332.109421 700 $aRoberts$b Richard$f1952-$01006894 801 0$bAU-PeEL 801 1$bAU-PeEL 801 2$bAU-PeEL 906 $aBOOK 912 $a996262847103316 996 $aThe city$92558509 997 $aUNISA LEADER 01628oam 2200493I 450 001 9910711846703321 005 20210408083734.0 035 $a(CKB)5470000002487615 035 $a(OCoLC)1046653875 035 $a(OCoLC)995470000002487615 035 $a(EXLCZ)995470000002487615 100 $a20180730d1960 ua 0 101 0 $aeng 135 $aur||||||||||| 181 $ctxt$2rdacontent 182 $cc$2rdamedia 183 $acr$2rdacarrier 200 10$aCompilation of records of surface waters of the United States through September 1950$hPart 10$iThe Great Basin /$fprepared under the direction of J.V.B. Wells 210 1$a[Washington, D.C.] :$cUnited States Department of the Interior, Geological Survey,$d1960. 215 $a1 online resource (v, 485 pages, 1 page of plates) $cillustrations, map 225 1 $aGeological Survey water-supply paper ;$v1314 300 $aIncludes index. 606 $aWater-supply$zGreat Basin 606 $aWater-supply$zWest (U.S.) 606 $aWater-supply$2fast 607 $aUnited States$zGreat Basin$2fast 607 $aWest United States$2fast 615 0$aWater-supply 615 0$aWater-supply 615 7$aWater-supply. 700 $aWells$b J. V. B.$01385991 712 02$aGeological Survey (U.S.), 801 0$bCOP 801 1$bCOP 801 2$bOCLCO 801 2$bOCLCF 801 2$bGPO 801 2$bMERUC 801 2$bOCL 801 2$bGPO 906 $aBOOK 912 $a9910711846703321 996 $aCompilation of records of surface waters of the United States through September 1950$93446974 997 $aUNINA